| 000 | 00439nam a2200181Ia 4500 | ||
|---|---|---|---|
| 005 | 20240926020004.0 | ||
| 008 | 240331s9999 xx 000 0 und d | ||
| 020 | _a8170363780 | ||
| 082 |
_bTHO _a307 |
||
| 100 | _aThorbek, S | ||
| 245 | 0 | _aGender and slum culture in urban Asia | |
| 260 |
_aNew Delhi _bVistaar Publications _c1994 |
||
| 300 | _a233 p ., | ||
| 650 | _aGender | ||
| 650 | _aWomen | ||
| 650 | _aSlum Culture | ||
| 942 | _cL | ||
| 999 |
_c2243 _d2243 |
||